| 000 | 00410cam a2200169ua 4500 | ||
|---|---|---|---|
| 020 | _c18.00 | ||
| 041 |
_amal _h |
||
| 082 |
_a671.2 _bHAR/FO |
||
| 100 | _aHaridas, P . | ||
| 245 |
_aFoundry / _cP.Haridas. _hTextual Documents |
||
| 260 |
_aThiruvananthapuram : _bState Instititute of Languages , _c1980. |
||
| 300 | _a390 ; . | ||
| 365 | _a18.00 | ||
| 504 | _a | ||
| 942 | _cBK | ||
| 999 |
_c6231 _d6231 |
||